[Event "Detroit (MCO/A/5/3)"]
[Site "?"]
[Date "1994.??.??"]
[Round "?"]
[White "Morris, Jewell"]
[Black "Vandivier, Don"]
[Result "0-1"]
[WhiteElo "1905"]
[BlackElo "1985"]
[PlyCount "120"]
[EventDate "1994.??.??"]

{5/(3)} 1. d4 Nf6 2. c4 e5 3. dxe5 Ng4 4. Bf4 Nc6 5. Nf3 Bc5 6. e3 Qe7 7. Be2
Ngxe5 8. O-O Nxf3+ 9. Bxf3 Ne5 10. Be2 d6 11. Nd2 g5 12. Bg3 Be6 13. b3 Bb6 14.
Nf3 Nxf3+ 15. Bxf3 O-O-O 16. Bd5 h5 17. h3 Rdg8 18. Qf3 Bxd5 19. cxd5 Kb8 20.
Qf5 h4 21. Bh2 g4 22. hxg4 Rg5 23. Qf4 Rhg8 24. Qf3 Rxg4 25. Bf4 Qf6 26. g3
hxg3 27. fxg3 Qxf4 28. Qxf4 Rxf4 29. Rxf4 Bxe3+ 30. Kh2 Bxf4 31. gxf4 Kc8 32.
Rc1 Kd7 33. Kh3 c6 34. Rd1 Rg7 35. b4 c5 36. b5 Kc7 37. Re1 Kb6 38. a4 a6 39.
Re7 axb5 40. axb5 Kxb5 41. Rxb7+ Kc4 42. f5 Kxd5 43. f6 Rh7+ 44. Kg4 Kd4 45.
Rb8 d5 46. Rg8 Rh1 47. Rg7 Rf1 48. Rxf7 c4 49. Rg7 Rxf6 50. Ra7 c3 51. Kg5 Rf1
52. Ra4+ Kd3 53. Ra3 d4 54. Kg4 Kd2 55. Kg3 c2 56. Ra2 d3 57. Kg2 Rf7 58. Kg3
Kd1 59. Kg4 c1=Q 60. Ra4 Qc8+ 0-1

[Event "Detroit (MCO/A/2b/2)"]
[Site "?"]
[Date "1994.??.??"]
[Round "?"]
[White "Morris, Jewell"]
[Black "Ramas, C."]
[Result "0-1"]
[WhiteElo "1905"]
[BlackElo "1950"]
[PlyCount "106"]
[EventDate "1994.??.??"]

1. d4 Nf6 2. c4 e6 3. Nc3 d5 4. cxd5 exd5 5. Nf3 Be7 6. Bf4 c6 7. e3 O-O 8. Bd3
h6 9. h3 Re8 10. O-O Nbd7 11. Bc2 Nf8 12. Qd3 Bd6 13. Bxd6 Qxd6 14. Ne5 g6 15.
f3 b6 16. e4 a5 17. Nxf7 Kxf7 18. e5 Qe6 19. exf6 Ba6 20. Qd2 Bxf1 21. Qxh6
Qe3+ 22. Qxe3 Rxe3 23. Kxf1 Re6 24. Rc1 b5 25. a3 Rxf6 26. Bb3 Rd8 27. Ne4 Rfd6
28. Nxd6+ Rxd6 29. a4 Ne6 30. axb5 cxb5 31. Rd1 a4 32. Ba2 b4 33. Bb1 Rc6 34.
Bd3 a3 35. bxa3 bxa3 36. Rd2 Rc3 37. Bc2 a2 38. Bxg6+ Kxg6 39. Rxa2 Rd3 40. Ra6
Kf6 41. h4 Rxd4 42. g4 Ke5 43. h5 Ng5 44. h6 Rf4 45. Kg2 Rf6 46. Ra4 Rxf3 47.
h7 Rh3 48. Ra8 Rxh7 49. Rg8 Ne6 50. Kg3 Rg7 51. Rf8 Ng5 52. Rf1 Rh7 53. Re1+
Ne4+ 0-1

[Event "Romulus (RVO/5/17)"]
[Site "?"]
[Date "1994.??.??"]
[Round "?"]
[White "Morris, Jewell"]
[Black "Kane, Paul"]
[Result "0-1"]
[WhiteElo "1905"]
[BlackElo "1605"]
[PlyCount "98"]
[EventDate "1994.??.??"]

{5/(17)} 1. e4 c5 2. Nf3 d6 3. Bc4 e6 4. d4 cxd4 5. Nxd4 a6 6. O-O Nf6 7. Bg5
Be7 8. Nc3 b5 9. Bd3 Bb7 10. a3 Nbd7 11. f4 Qb6 12. Bxf6 Bxf6 13. e5 Qxd4+ 14.
Kh1 dxe5 15. fxe5 Nxe5 16. Bxb5+ Nc6 17. Bd3 O-O 18. Ne4 Be7 19. Qh5 f5 20. Ng5
Bxg5 21. Qxg5 Ne5 22. Rad1 Nxd3 23. Rxd3 Qxb2 24. Rb3 Qf6 25. Qxf6 Bxg2+ 26.
Kxg2 Rxf6 27. Rb7 Rf7 28. Rfb1 Ra7 29. Rb8+ Rf8 30. R8b6 Kf7 31. c4 Rc8 32. Rc1
Rc5 33. a4 g5 34. Kf3 h5 35. Ke3 Re5+ 36. Kd4 Kf6 37. c5 Rd7+ 38. Kc4 Rc7 39.
c6 Re4+ 40. Kb3 a5 41. Rb7 Rxb7+ 42. cxb7 Rb4+ 43. Ka3 Rxb7 44. Rc6 f4 45. Rc8
g4 46. Ra8 f3 47. Rd8 e5 48. Rd5 h4 49. Rb5 Rxb5 0-1

[Event "Romulus (RVO/3/5)"]
[Site "?"]
[Date "1994.??.??"]
[Round "?"]
[White "Morris, Jewell"]
[Black "Dean, Ji"]
[Result "0-1"]
[WhiteElo "1905"]
[BlackElo "2120"]
[PlyCount "112"]
[EventDate "1994.??.??"]

{3/(5)} 1. e4 c5 2. Nf3 Nc6 3. d4 cxd4 4. Nxd4 Nf6 5. Nc3 e6 6. Bg5 Bb4 7. Qd3
Qa5 8. Bd2 O-O 9. f3 Rd8 10. Be2 a6 11. Nb3 Qc7 12. a3 Be7 13. O-O-O d5 14.
exd5 Nxd5 15. Qe4 Nf6 16. Qe3 b5 17. Ne4 Bb7 18. Nxf6+ Bxf6 19. Bc3 Bxc3 20.
Qxc3 Rac8 21. Bd3 b4 22. axb4 Qf4+ 23. Qd2 Qxb4 24. Kb1 g6 25. Rhe1 Qb6 26. Re4
Ne7 27. Rb4 Qa7 28. Na5 Ba8 29. Rc4 Rxc4 30. Nxc4 Bd5 31. Qa5 Nc6 32. Qb6 Bxc4
33. Qxc6 Bxd3 34. Rxd3 Rxd3 35. cxd3 Qg1+ 36. Ka2 Qxg2 37. Qxa6 Qxh2 38. Ka3
Qf4 39. b4 Qc1+ 40. Kb3 Qd1+ 41. Kc4 Qc2+ 42. Kd4 Qf2+ 43. Kc4 Qc2+ 44. Kd4
Qb2+ 45. Kc5 Qc3+ 46. Qc4 Qa3 47. Kd4 h5 48. b5 h4 49. Qc8+ Kg7 50. Qc3 Qxc3+
51. Kxc3 h3 52. b6 h2 53. b7 h1=Q 54. b8=Q Qxf3 55. Kc2 Qe2+ 56. Kc3 g5 0-1

[Event "Gaylord (NMO/2/18)"]
[Site "?"]
[Date "1994.??.??"]
[Round "?"]
[White "Morio, J."]
[Black "Schlak, G."]
[Result "1-0"]
[WhiteElo "1605"]
[BlackElo "1605"]
[PlyCount "75"]
[EventDate "1994.??.??"]

{2/(18)} 1. e4 e5 2. Nf3 Bb4 3. Nxe5 d6 4. Nd3 Bc5 5. Nxc5 dxc5 6. Qf3 Qf6 7.
Qxf6 gxf6 8. Nc3 Ne7 9. Nb5 O-O 10. Nxc7 Kh8 11. Nxa8 h5 12. h3 Rd8 13. d3 Rd7
14. Be3 b5 15. Bxc5 Ba6 16. Bxe7 Rxe7 17. O-O-O Bb7 18. h4 Bxa8 19. Be2 Rc7 20.
Bxh5 Rc5 21. Bxf7 Rc7 22. Bb3 b4 23. g4 a5 24. g5 fxg5 25. hxg5+ Rh7 26. g6 Rh3
27. Rxh3+ Kg7 28. Rdh1 Kf6 29. f4 Nd7 30. Rg1 Kg7 31. Rh7+ Kf6 32. Rxd7 Bc6 33.
Rd6+ Kg7 34. Rxc6 Kf8 35. g7+ Ke7 36. g8=Q Kd7 37. Rh6 Kc7 38. Rg7# 1-0

[Event "Gaylord (NMO/5/15)"]
[Site "?"]
[Date "1994.??.??"]
[Round "?"]
[White "Morio, J."]
[Black "Crysler, Jerry"]
[Result "1-0"]
[WhiteElo "1605"]
[BlackElo "1605"]
[PlyCount "87"]
[EventDate "1994.??.??"]

{5/(15)} 1. e4 e5 2. Nf3 d6 3. d4 Bg4 4. Be2 Nd7 5. h3 Bxf3 6. Bxf3 Qe7 7. Be3
exd4 8. Qxd4 h6 9. Nc3 Ngf6 10. Nb5 Nc5 11. O-O a6 12. Nc3 Qe5 13. Nd5 O-O-O
14. Qb4 Nfxe4 15. Bxe4 Qxe4 16. Qxe4 Nxe4 17. a4 Re8 18. f3 Ng3 19. Rfe1 Re5
20. c4 Nf5 21. Bf4 Rxe1+ 22. Rxe1 g5 23. Bd2 Bg7 24. Bc3 Bxc3 25. Nxc3 c6 26.
g4 Nd4 27. Kf2 Ne6 28. Ne4 Kc7 29. Rd1 Rd8 30. b4 Nf4 31. Kg3 d5 32. cxd5 Nxd5
33. Rb1 Nb6 34. Nc5 Rd4 35. h4 Nd5 36. b5 Nc3 37. b6+ Kc8 38. Re1 Rd8 39. Re7
Nd5 40. Rxb7 f6 41. a5 Rg8 42. Ra7 gxh4+ 43. Kxh4 Rg5 44. Ra8# 1-0

[Event "Detroit (MCO/A/1b/3)"]
[Site "?"]
[Date "1994.??.??"]
[Round "?"]
[White "Morabito, Matthew"]
[Black "Vandivier, Don"]
[Result "1/2-1/2"]
[WhiteElo "1890"]
[BlackElo "1985"]
[PlyCount "143"]
[EventDate "1994.??.??"]

1. Nc3 c5 2. e4 d6 3. Nf3 g6 4. Bc4 Bg7 5. d4 cxd4 6. Nxd4 Nf6 7. Be3 O-O 8. f3
Nc6 9. Qd2 Bd7 10. O-O-O Qa5 11. Kb1 Ne5 12. Bb3 Rfc8 13. Nd5 Qxd2 14. Nxf6+
Bxf6 15. Rxd2 Nc4 16. Bxc4 Rxc4 17. Ne2 a6 18. Rhd1 Rac8 19. Nf4 Be6 20. Nxe6
fxe6 21. c3 b5 22. Bd4 Bg5 23. Re2 Kf7 24. e5 b4 25. b3 Rxc3 26. Bxc3 bxc3 27.
Kc2 Bf4 28. g3 Bxe5 29. f4 Bf6 30. Re4 d5 31. Re2 d4 32. g4 Rd8 33. g5 Bg7 34.
Kd3 Rd5 35. Rde1 e5 36. h4 Ke6 37. b4 Kf5 38. fxe5 Bxe5 39. a4 e6 40. Re4 Bf4
41. Rxe6 c2 42. Kxc2 d3+ 43. Kd1 Rd4 44. Rf6+ Kg4 45. b5 axb5 46. axb5 Rb4 47.
Rxf4+ Kxf4 48. Kd2 Rxb5 49. Re7 h5 50. gxh6 Rh5 51. h7 Rxh4 52. Kxd3 Rh3+ 53.
Ke2 g5 54. Rf7+ Ke5 55. Kf2 Ke6 56. Ra7 Kf6 57. Kg2 Rh4 58. Kg3 Kg6 59. Rb7 Rh1
60. Kg2 Rxh7 61. Rxh7 Kxh7 62. Kh3 Kg7 63. Kg2 Kf6 64. Kf2 g4 65. Kg3 Kf5 66.
Kg2 Kf6 67. Kg3 Kg5 68. Kg2 Kf4 69. Kf2 g3+ 70. Kg2 Kg4 71. Kg1 Kh3 72. Kh1
1/2-1/2

[Event "Detroit (MCO/A/3b/6)"]
[Site "?"]
[Date "1994.??.??"]
[Round "?"]
[White "Morabito, Matthew"]
[Black "McGrath, Michael"]
[Result "0-1"]
[WhiteElo "1890"]
[BlackElo "1830"]
[PlyCount "53"]
[EventDate "1994.??.??"]

1. Nc3 e5 2. Nf3 d6 3. b3 Nc6 4. Bb2 Bg4 5. h3 Bh5 6. g4 Bg6 7. Nh2 Nf6 8. Bg2
Qd7 9. e3 O-O-O 10. Qe2 Bxc2 11. Rc1 Nb4 12. O-O Bd3 13. Qd1 Bxf1 14. Qxf1 g5
15. a3 Nc6 16. Nb5 a6 17. Bxc6 bxc6 18. Na7+ Kb7 19. Nxc6 Ra8 20. Nb4 c5 21.
Qg2+ Ka7 22. Nc6+ Kb6 23. Nxe5 dxe5 24. Qxa8 Bg7 25. Qf3 Qe6 26. b4 c4 27. d4
$138 0-1

[Event "Eastpointe (EDO/4/7)"]
[Site "?"]
[Date "1994.??.??"]
[Round "?"]
[White "Morabito, Matthew"]
[Black "Kulbacki, James"]
[Result "1-0"]
[WhiteElo "1825"]
[BlackElo "2015"]
[PlyCount "21"]
[EventDate "1994.??.??"]

{4/(7)} 1. e4 e5 2. Nf3 Nc6 3. Bb5 Qe7 4. Nc3 Nf6 5. O-O g6 6. d4 exd4 7. Nd5
Nxd5 8. exd5 Qc5 9. dxc6 Qxb5 10. Re1+ Be7 11. Qxd4 1-0

[Event "Detroit (MI Op/4/40)"]
[Site "?"]
[Date "1994.??.??"]
[Round "?"]
[White "Morabito, Matthew"]
[Black "Iverson, B."]
[Result "1-0"]
[WhiteElo "1890"]
[BlackElo "1645"]
[PlyCount "39"]
[EventDate "1994.??.??"]

{4/(40)} 1. e4 e6 2. d4 c5 3. d5 exd5 4. exd5 d6 5. c4 Bf5 6. Bd3 Ne7 7. Nf3
Bxd3 8. Qxd3 g6 9. O-O Bg7 10. Nc3 O-O 11. Bf4 a6 12. Ne4 Nf5 13. Rfe1 Qc7 14.
Rab1 Nd7 15. g4 Be5 16. Bxe5 Nxe5 17. Nxe5 Nh6 18. g5 Kh8 19. Nf6 Ng8 20. Neg4
1-0

[Event "Detroit (MI Op/2/30)"]
[Site "?"]
[Date "1994.??.??"]
[Round "?"]
[White "Morabito, Matthew"]
[Black "Finegold, Gina"]
[Result "0-1"]
[WhiteElo "1890"]
[BlackElo "2090"]
[PlyCount "82"]
[EventDate "1994.??.??"]

{2/(30)} 1. e4 c5 2. Nf3 Nc6 3. d4 cxd4 4. Nxd4 g6 5. c4 Nf6 6. Nc3 d6 7. Be3
Ng4 8. Nxc6 bxc6 9. Qd2 Nxe3 10. Qxe3 Bg7 11. Rc1 h5 12. Rc2 Qa5 13. Be2 Rb8
14. b3 O-O 15. O-O Be6 16. Bf3 Rfc8 17. Ne2 c5 18. Qd3 Qd8 19. Nf4 Bd7 20. Re1
a5 21. Bd1 a4 22. Qg3 axb3 23. axb3 Qa5 24. Kf1 Kh7 25. Qd3 Be5 26. Nd5 e6 27.
f4 Bd4 28. Ne3 Qa3 29. Rce2 Ba4 30. f5 Bxb3 31. Nc2 Qb2 32. Nxd4 Qxd4 33. Qxd4
cxd4 34. Bxb3 Rxb3 35. fxg6+ Kxg6 36. e5 dxe5 37. Rxe5 Rxc4 38. R5e4 Rb2 39. g4
h4 40. Rd1 Rxh2 41. Rf4 Rh1+ 0-1

[Event "Eastpointe (EDO/2/8)"]
[Site "?"]
[Date "1994.??.??"]
[Round "?"]
[White "Morabito, Matthew"]
[Black "Dangremond, Leonard"]
[Result "0-1"]
[WhiteElo "1825"]
[BlackElo "2070"]
[PlyCount "44"]
[EventDate "1994.??.??"]

{2/(8)} 1. e4 e5 2. Nf3 Nc6 3. Bb5 a6 4. Ba4 Nf6 5. O-O Be7 6. Bxc6 bxc6 7. Qe2
d6 8. d4 exd4 9. Nxd4 Bd7 10. e5 dxe5 11. Qxe5 O-O 12. Nc3 Bd6 13. Qg5 h6 14.
Qh4 Re8 15. h3 Rb8 16. Nf3 Rb4 17. g4 Bxg4 18. a3 Bxf3 19. axb4 Ng4 20. Qxg4
Bxg4 21. hxg4 Qh4 22. f4 Qxg4+ 0-1

[Event "Detroit (MCO/A/4/14)"]
[Site "?"]
[Date "1994.??.??"]
[Round "?"]
[White "Morabito, Matthew"]
[Black "Bluestone, M."]
[Result "0-1"]
[WhiteElo "1890"]
[BlackElo "1775"]
[PlyCount "63"]
[EventDate "1994.??.??"]

{4/(14)} 1. e4 c5 2. Nf3 e6 3. d4 cxd4 4. Nxd4 Nf6 5. Nc3 d6 6. Be3 a6 7. f3
Qc7 8. Qd2 Nc6 9. g4 Be7 10. O-O-O O-O 11. h4 Rd8 12. g5 Ne8 13. Qf2 Rb8 14.
Nxc6 bxc6 15. Bc4 d5 16. exd5 cxd5 17. Bb3 Bb4 18. Na4 Ba5 19. Nc5 Bb6 20. Nd3
Bd7 21. h5 a5 22. a3 Bxe3+ 23. Qxe3 Rxb3 24. Kb1 Rb7 25. Ne5 Ba4 26. Rd2 Nd6
27. g6 h6 28. gxf7+ Nxf7 29. Nxf7 Qxf7 30. Rh4 Qf6 31. Rdd4 Rdb8 32. Rxa4 0-1

[Event "Detroit (Class C/4/16)"]
[Site "?"]
[Date "1994.??.??"]
[Round "?"]
[White "Moore, W."]
[Black "Cutler, C."]
[Result "0-1"]
[WhiteElo "1605"]
[BlackElo "1605"]
[PlyCount "130"]
[EventDate "1994.??.??"]

{4/(16)} 1. e4 c5 2. Nc3 Nc6 3. Nf3 d6 4. Bb5 Nf6 5. Bxc6+ bxc6 6. O-O g6 7.
Re1 Bg7 8. d4 cxd4 9. Qxd4 O-O 10. Ne2 Bg4 11. Nh4 Bxe2 12. Rxe2 Qc7 13. Qa4 d5
14. e5 Ne4 15. f3 Qxe5 16. fxe4 Qh5 17. Nf3 Be5 18. Qxc6 Bxh2+ 19. Nxh2 Qxe2
20. Qc3 Qd1+ 21. Nf1 Rac8 22. Qe5 f6 23. Qxd5+ Qxd5 24. exd5 Rxc2 25. Ne3 Rc5
26. b4 Rb5 27. Rb1 f5 28. g3 f4 29. gxf4 Rxf4 30. a3 a5 31. Bd2 axb4 32. Bxb4
Rf3 33. Re1 Kf7 34. Kg2 Rf4 35. Rf1 Rxf1 36. Kxf1 h5 37. Kg2 Rb8 38. Kh3 Kf6
39. Kh4 Rb7 40. Bc3+ Kf7 41. Bb4 Rc7 42. Kg5 Rc1 43. a4 Rg1+ 44. Kh4 Rh1+ 45.
Kg3 g5 46. a5 Rb1 47. Bd2 Rb2 48. Bc3 Rb1 49. Be5 h4+ 50. Kg2 Rb4 51. Bc7 g4
52. Kh2 Rb2+ 53. Kg1 Rb4 54. d6 exd6 55. Bxd6 Re4 56. Ng2 Ke6 57. Bb8 g3 58.
Nf4+ Kf5 59. Nh3 Re2 60. a6 Kg4 61. Nf4 Ra2 62. a7 h3 63. Nxh3 Kxh3 64. Bxg3
Kxg3 65. a8=Q Rxa8 0-1

[Event "Detroit (Class C/2/21)"]
[Site "?"]
[Date "1994.??.??"]
[Round "?"]
[White "Moore, W."]
[Black "Belill, Mike"]
[Result "1/2-1/2"]
[WhiteElo "1605"]
[BlackElo "1605"]
[PlyCount "88"]
[EventDate "1994.??.??"]

{2/(21)} 1. Nf3 d5 2. d4 e6 3. Nbd2 Be7 4. e4 dxe4 5. Nxe4 Nf6 6. Bd3 Nbd7 7.
Bg5 h6 8. Nxf6+ Nxf6 9. Be3 b6 10. Qe2 Bb7 11. O-O-O Nd5 12. Ne5 Nxe3 13. fxe3
O-O 14. Rhf1 Qd5 15. Bc4 Qxg2 16. Rf2 Qh3 17. Rdf1 Bd5 18. Bxd5 exd5 19. Rxf7
Rxf7 20. Rxf7 Bd6 21. Qf2 Rf8 22. Rxf8+ Bxf8 23. Qf7+ Kh7 24. Qxf8 Qxe3+ 25.
Kd1 Qxd4+ 26. Nd3 Qg1+ 27. Kd2 Qxh2+ 28. Kc3 Qg3 29. Qf5+ Qg6 30. Qxd5 Qf6+ 31.
Kb3 c5 32. a4 g5 33. Ne5 h5 34. Nd7 Qg7 35. Qf5+ Kh6 36. Nf6 Qf7+ 37. c4 Qg6
38. Qe5 Qd3+ 39. Ka2 Qxc4+ 40. Kb1 Qd3+ 41. Ka1 Qd1+ 42. Ka2 Qxa4+ 43. Kb1 Qd1+
44. Ka2 Qa4+ 1/2-1/2

[Event "Detroit (MOR/5/28)"]
[Site "?"]
[Date "1994.??.??"]
[Round "?"]
[White "Moore, Robert"]
[Black "Watassek, F."]
[Result "1/2-1/2"]
[WhiteElo "1750"]
[BlackElo "1605"]
[PlyCount "120"]
[EventDate "1994.??.??"]

{5/(28)} 1. e4 e5 2. Nf3 Nc6 3. Bb5 a6 4. Ba4 Nf6 5. O-O b5 6. Bb3 h6 7. Re1
Bc5 8. c3 d6 9. h3 O-O 10. d4 exd4 11. cxd4 Bb4 12. Nc3 Re8 13. Bc2 Re7 14. a3
Bxc3 15. bxc3 Qe8 16. Qd3 Bb7 17. Bf4 Rd8 18. a4 Ra8 19. axb5 axb5 20. Rxa8
Bxa8 21. Qxb5 Nxe4 22. d5 g5 23. Bc1 Nf6 24. Rxe7 Nxe7 25. Qxe8+ Nxe8 26. c4 c6
27. dxc6 Bxc6 28. Nd4 Bd7 29. Ba3 Nc6 30. Nf3 Ne5 31. Nxe5 dxe5 32. f3 f6 33.
Kf2 Kf7 34. g4 Ng7 35. Be4 Ke8 36. c5 Ne6 37. c6 Bc8 38. Ke3 Kd8 39. Bd6 Ke8
40. Bf5 Kf7 41. Kf2 Ke8 42. Kg3 Kf7 43. h4 Kg7 44. h5 Kf7 45. Kf2 Ba6 46. Bxe6+
Kxe6 47. Bf8 Bb5 48. c7 Bd7 49. Bxh6 Kf7 50. Ke3 Kg8 51. Ke4 Kh7 52. Bf8 Kg8
53. Be7 Kf7 54. h6 Bc6+ 55. Ke3 Bb7 56. h7 Kg7 57. Bxf6+ Kxh7 58. Bxe5 Kg6 59.
Kd4 Kf7 60. Kc5 Ke6 1/2-1/2

[Event "Eastpointe (US Am N/5/15)"]
[Site "?"]
[Date "1994.??.??"]
[Round "?"]
[White "Moore, Robert"]
[Black "Scott, Steven"]
[Result "1-0"]
[WhiteElo "1700"]
[BlackElo "1860"]
[PlyCount "81"]
[EventDate "1994.??.??"]

{5/(15)} 1. e4 c5 2. Nf3 d6 3. d4 cxd4 4. Nxd4 Nf6 5. Nc3 e6 6. Bg5 Be7 7. Be2
a6 8. f4 Qc7 9. Qd3 b5 10. a3 Bb7 11. Bf3 Nbd7 12. Nb3 O-O 13. O-O-O Rac8 14.
h4 Rfd8 15. h5 Nc5 16. Nxc5 dxc5 17. Qe3 b4 18. Rxd8+ Rxd8 19. Nb1 a5 20. e5
Nd5 21. Bxd5 Rxd5 22. Bxe7 Qxe7 23. Nd2 Rd8 24. a4 Bxg2 25. Rg1 Bd5 26. Qg3 g6
27. Nf1 Be4 28. Ne3 Bf5 29. Nc4 Ra8 30. Rd1 Rd8 31. Nd6 Kh8 32. Nxf7+ Qxf7 33.
Rxd8+ Kg7 34. Qg5 h6 35. hxg6 Bxg6 36. Qf6+ Qxf6 37. exf6+ Kxf6 38. c3 bxc3 39.
bxc3 Kf5 40. Rf8+ Bf7 41. Rxf7+ 1-0

[Event "Detroit (MOR/7/18)"]
[Site "?"]
[Date "1994.??.??"]
[Round "?"]
[White "Moore, Robert"]
[Black "Schafer, Jurgen"]
[Result "1/2-1/2"]
[WhiteElo "1750"]
[BlackElo "1605"]
[PlyCount "162"]
[EventDate "1994.??.??"]

{7/(18)} 1. e4 e5 2. Nf3 Nc6 3. Bb5 Nf6 4. O-O d6 5. Re1 Bg4 6. h3 Bd7 7. c3
Be7 8. d4 exd4 9. cxd4 O-O 10. Nc3 a6 11. Bc4 Qc8 12. e5 dxe5 13. dxe5 Ne8 14.
Nd5 Be6 15. Nxe7+ Nxe7 16. Bd3 Ng6 17. Ng5 h6 18. Nf3 Bf5 19. Bxf5 Qxf5 20. Be3
Kh8 21. Bc5 Rg8 22. Qb3 b6 23. Ba3 Nf4 24. Nd4 Qg6 25. Qf3 Nxg2 26. Qxg2 Qxg2+
27. Kxg2 c5 28. Nf3 Nc7 29. Rad1 Ne6 30. b3 g5 31. Re4 b5 32. Kg3 Rg6 33. Bb2
Kh7 34. Rd7 Kg8 35. Bc1 Kg7 36. h4 gxh4+ 37. Kxh4 h5 38. Ng5 Nxg5 39. Bxg5 a5
40. Rf4 Rf8 41. Rc7 c4 42. bxc4 bxc4 43. Bf6+ Kh6 44. Rfxc4 Rfg8 45. Rc1 Rg2
46. Rh1 Rxf2 47. Rc3 Rfg2 48. a3 Kh7 49. Kh3 R2g4 50. Bh4 Re4 51. Rf1 Rxe5 52.
Rxf7+ Rg7 53. Rxg7+ Kxg7 54. Bd8 a4 55. Bb6 Rd5 56. Bc5 Kg6 57. Rc4 Kf5 58. Kh4
Kg6 59. Bb4 Rf5 60. Rc6+ Kf7 61. Ra6 Rd5 62. Rxa4 Ke6 63. Ra6+ Kd7 64. Ra5 Rd4+
65. Kxh5 Kc6 66. Kg5 Rd7 67. Kf6 Rd1 68. Ke6 Rh1 69. Rc5+ Kb6 70. Rf5 Rh6+ 71.
Rf6 Rh1 72. Kd7+ Kb7 73. Kd6 Rd1+ 74. Kc5 Rc1+ 75. Kb5 Rc8 76. a4 Ka8 77. Ra6+
Kb7 78. a5 Rb8 79. Rb6+ Ka8 80. Rxb8+ Kxb8 81. Kc6 Ka8 1/2-1/2

[Event "Eastpointe (US Am N/4/8)"]
[Site "?"]
[Date "1994.??.??"]
[Round "?"]
[White "Moore, Robert"]
[Black "Rutkofske, Lonnie"]
[Result "0-1"]
[WhiteElo "1700"]
[BlackElo "1980"]
[PlyCount "54"]
[EventDate "1994.??.??"]

{4/(8)} 1. e4 e6 2. d4 d5 3. e5 c5 4. c3 Nc6 5. Nf3 Qb6 6. Be2 cxd4 7. cxd4
Nge7 8. Nc3 Nf5 9. Na4 Qa5+ 10. Bd2 Bb4 11. Bc3 Bxc3+ 12. Nxc3 Qb4 13. Qd2
Nfxd4 14. Nxd4 Qxd4 15. Qxd4 Nxd4 16. Bd3 Bd7 17. Kd2 Nc6 18. f4 Nb4 19. Be2
Rc8 20. a3 Nc6 21. Nb5 Ke7 22. Nd6 Rb8 23. Kd3 f6 24. b4 fxe5 25. b5 Kxd6 26.
bxc6 e4+ 27. Kd4 bxc6 0-1

[Event "Detroit (MOR/1a/6)"]
[Site "?"]
[Date "1994.??.??"]
[Round "?"]
[White "Moore, Robert"]
[Black "Rosebrook, G."]
[Result "1-0"]
[WhiteElo "1750"]
[BlackElo "1605"]
[PlyCount "91"]
[EventDate "1994.??.??"]

1. e4 c5 2. Nf3 d6 3. d4 cxd4 4. Nxd4 Nf6 5. Nc3 a6 6. Bg5 Qa5 7. Bxf6 exf6 8.
Qd2 Be7 9. Nd5 Qxd2+ 10. Kxd2 Bd8 11. c3 O-O 12. Bd3 Nd7 13. f4 Re8 14. Rhe1
Nc5 15. Bc2 Bd7 16. f5 Bc6 17. b4 Nd7 18. Nxc6 bxc6 19. Nf4 Ne5 20. Bb3 Bb6 21.
h3 Rad8 22. Re2 c5 23. Nd5 Ba7 24. Nc7 Re7 25. Nxa6 cxb4 26. Nxb4 Kf8 27. Bd5
g6 28. g4 Rc8 29. Na6 Nc4+ 30. Bxc4 Rxc4 31. Kd3 Ra4 32. Nb4 Bc5 33. Nd5 Rb7
34. Nxf6 Kg7 35. Nd5 Ra3 36. h4 Rba7 37. f6+ Kf8 38. Rb2 Ra8 39. Rab1 Ke8 40.
Nc7+ Kd7 41. Nxa8 Rxa8 42. Rb7+ Ke8 43. Rb8+ Rxb8 44. Rxb8+ Kd7 45. Rb7+ Ke6
46. g5 1-0

[Event "Romulus (RVO/4/22)"]
[Site "?"]
[Date "1994.??.??"]
[Round "?"]
[White "Moore, Robert"]
[Black "McNamara, Ron"]
[Result "1-0"]
[WhiteElo "1700"]
[BlackElo "1605"]
[PlyCount "49"]
[EventDate "1994.??.??"]

{4/(22)} 1. e4 e6 2. d4 d5 3. e5 c5 4. c3 Qb6 5. Nf3 Bd7 6. Be2 Bb5 7. Be3 Nd7
8. O-O Ne7 9. Na3 Bxe2 10. Qxe2 Nf5 11. Rac1 Nxe3 12. fxe3 c4 13. Ng5 f6 14.
exf6 Nxf6 15. Rxf6 gxf6 16. Qh5+ Kd7 17. Qf7+ Be7 18. Nxh7 Rxh7 19. Qxh7 Qxb2
20. Rb1 Qxa3 21. Rxb7+ Kd8 22. Qh8+ Bf8 23. Qxf6+ Kc8 24. Rf7 Bd6 25. Qxe6+ 1-0

[Event "Detroit (MOR/3/24)"]
[Site "?"]
[Date "1994.??.??"]
[Round "?"]
[White "Moore, Robert"]
[Black "Kling, G."]
[Result "1-0"]
[WhiteElo "1750"]
[BlackElo "1605"]
[PlyCount "43"]
[EventDate "1994.??.??"]

{3/(24)} 1. e4 e6 2. d4 d5 3. e5 c5 4. c3 Nc6 5. Nf3 Qb6 6. Be2 cxd4 7. cxd4
Nge7 8. O-O Nf5 9. Nc3 Nfxd4 10. Nxd4 Nxd4 11. Be3 Nxe2+ 12. Qxe2 Qc7 13. Bd4
a6 14. Rac1 Bc5 15. Nxd5 exd5 16. Bxc5 Be6 17. Bd6 Qb6 18. Rc7 Rc8 19. Rxc8+
Bxc8 20. Rc1 Be6 21. Rc7 h5 22. Qc2 1-0

[Event "Eastpointe (US Am N/2/8)"]
[Site "?"]
[Date "1994.??.??"]
[Round "?"]
[White "Moore, Robert"]
[Black "Jarosz, Stan"]
[Result "1-0"]
[WhiteElo "1700"]
[BlackElo "2040"]
[PlyCount "91"]
[EventDate "1994.??.??"]

{2/(8)} 1. e4 c5 2. Nf3 e6 3. d4 cxd4 4. Nxd4 a6 5. a3 Nf6 6. Nc3 Qc7 7. Be2
Nc6 8. Nb3 Be7 9. Be3 d6 10. Qd2 Ne5 11. f3 O-O 12. O-O-O Nc4 13. Bxc4 Qxc4 14.
Qd4 Qxd4 15. Bxd4 e5 16. Bb6 Be6 17. Na5 Rac8 18. Rhe1 Nd7 19. Be3 Rc7 20. f4
Rfc8 21. f5 Bc4 22. Nxc4 Rxc4 23. Re2 Nf6 24. h3 h6 25. Bf2 R8c7 26. g4 b5 27.
Bh4 Nxe4 28. Bxe7 Nxc3 29. bxc3 Rxe7 30. Rxd6 Rxc3 31. Rxa6 Rxh3 32. Kb2 e4 33.
Ra5 Rg3 34. Rxb5 Rxg4 35. a4 e3 36. a5 Rge4 37. a6 Ra4 38. Rb6 f6 39. Kb3 Ra5
40. Kb4 Rxf5 41. Rb7 Re4+ 42. c4 Re8 43. a7 Rf1 44. Rxe3 Rc8 45. Rb8 Rb1+ 46.
Rb3 1-0

[Event "Romulus (RVO/3/12)"]
[Site "?"]
[Date "1994.??.??"]
[Round "?"]
[White "Moore, Robert"]
[Black "Gabbara, Faris"]
[Result "0-1"]
[WhiteElo "1700"]
[BlackElo "2195"]
[PlyCount "66"]
[EventDate "1994.??.??"]

{3/(12)} 1. e4 c5 2. Nf3 e6 3. d4 cxd4 4. Nxd4 a6 5. a3 Nf6 6. Nc3 Bc5 7. Be3
Qc7 8. Be2 d6 9. O-O Bd7 10. Qd2 b5 11. b4 Bb6 12. Nb3 Bxe3 13. Qxe3 O-O 14.
Na5 Rc8 15. Na2 Qxc2 16. Bd3 Qc7 17. Rfc1 Qa7 18. Qd2 Nc6 19. Nxc6 Rxc6 20.
Rxc6 Bxc6 21. Nc3 Qd4 22. Re1 Rc8 23. Kf1 Bb7 24. Ne2 Nxe4 25. Nxd4 Nxd2+ 26.
Kg1 Rc3 27. Be2 g6 28. Rd1 Nc4 29. Bxc4 Rxc4 30. Nf3 Bxf3 31. gxf3 d5 32. Rd3
d4 33. Kg2 e5 0-1

[Event "Detroit (Class B/2/14)"]
[Site "?"]
[Date "1994.??.??"]
[Round "?"]
[White "Moore, Robert"]
[Black "Franklin, Stan"]
[Result "0-1"]
[WhiteElo "1720"]
[BlackElo "1665"]
[PlyCount "88"]
[EventDate "1994.??.??"]

{2/(14)} 1. e4 c5 2. Nf3 d6 3. d4 cxd4 4. Nxd4 Nf6 5. Nc3 a6 6. Bg5 g6 7. Bc4
Bg7 8. Qd2 Qb6 9. Bb3 Nxe4 10. Nxe4 Qxd4 11. Qf4 f5 12. O-O Qxe4 13. Qd2 Qd4
14. Qe2 Nc6 15. Rad1 Qe5 16. Qc4 Rf8 17. Rfe1 Qc5 18. Qh4 Be5 19. Qxh7 Bd7 20.
Qxg6+ Kd8 21. Be3 Qa5 22. c3 Kc7 23. Rd5 b5 24. Rdd1 f4 25. Bc1 Rf6 26. Qg5 Rh8
27. Bd5 Qb6 28. h3 Rhh6 29. Be4 f3 30. Bxf3 Rhg6 31. Qh5 Be8 32. Qh7 Rxf3 33.
Be3 Qb8 34. Kf1 Rf8 35. Qh4 Bg3 36. Qe4 Rgf6 37. Re2 Bh5 38. f3 Qc8 39. Bg5
Bxf3 40. gxf3 Qxh3+ 41. Kg1 Rxf3 42. Rg2 Bf2+ 43. Rxf2 Rxf2 44. Bh4 Rf1+ 0-1

[Event "Detroit (Class B/4/12)"]
[Site "?"]
[Date "1994.??.??"]
[Round "?"]
[White "Moore, Robert"]
[Black "Etienne, T."]
[Result "1/2-1/2"]
[WhiteElo "1720"]
[BlackElo "1615"]
[PlyCount "77"]
[EventDate "1994.??.??"]

{4/(12)} 1. e4 c6 2. d4 d5 3. e5 Bf5 4. Bd3 Bxd3 5. Qxd3 e6 6. Nf3 Nd7 7. O-O
c5 8. c3 c4 9. Qc2 Ne7 10. Na3 a6 11. b3 b5 12. bxc4 bxc4 13. Qa4 Nf5 14. Rb1
Qc8 15. Nc2 Be7 16. Bd2 O-O 17. g4 Nh4 18. Nxh4 Bxh4 19. Ne1 Qc7 20. Nf3 Be7
21. Qc2 f6 22. exf6 Rxf6 23. Bg5 Rxf3 24. Bxe7 Rh3 25. f4 Nf6 26. Bxf6 gxf6 27.
Kg2 Re3 28. Rf3 Re4 29. Qd2 Rb8 30. Rxb8+ Qxb8 31. h3 a5 32. Qf2 Qb1 33. Qd2
Re1 34. Kg3 Rg1+ 35. Kh4 Qe1+ 36. Qxe1 Rxe1 37. Kg3 Re2 38. Rf2 Re3+ 39. Rf3
1/2-1/2